000 003620000a22001090004500
090 _aAs
_bSeriadas
245 1 0 _aReview of Purdieanthus and Lehmanniella, two endemic colombian genera of Gentianaceae, and biographical notes on purdie and lehmann
041 0 _aInglés
100 1 _aEwan, Joseph
_999259
942 _cARTICULO
773 1 _tCaldasia
_h21
_q85-98
_d1948
_g5
999 _c15638
_d15638